O que você precisa saber sobre direitos autorais /

Saved in:
Bibliographic Details
Main Author: Gandelman, Henrique, 1929-
Format: Book
Language:Portuguese
Published: Rio de Janeiro, RJ : Editora Senac Nacional, c2004.
Subjects:
Tags: Add Tag
No Tags, Be the first to tag this record!
LEADER 00677nam a2200217 a 4500
001 010683446-0
005 20080527151809.0
008 070724s2004 bl b 001|0 por d
020 |a 8574581631 
035 0 |a ocn229431644 
040 |a MH-L  |c MH-L 
043 |a s-bl--- 
100 1 |a Gandelman, Henrique,  |d 1929- 
245 1 0 |a O que você precisa saber sobre direitos autorais /  |c Henrique Gandelman. 
246 3 0 |a Direitos autorais 
260 |a Rio de Janeiro, RJ :  |b Editora Senac Nacional,  |c c2004. 
300 |a 154 p. ;  |c 23 cm. 
504 |a Includes bibliographical references (p. 140-148) and index. 
650 0 |a Copyright  |z Brazil  |v Miscellanea. 
988 |a 20070724 
906 |0 MH